000 01001nam a2200253Ii 4500
003 JO-AjNU
005 20240305102854.0
008 230605s9999||||xx |||||||||||||| ||und||
017 _a2007/1/228
020 _a9957-16-309-9
040 _aJO-AjNU
_bara
_erda
_cJO-AjNU
041 _aara
050 1 4 _aKMM399.F3764.2022
100 3 _aتأليف الفار، عبد القادر ؛ مراجعة وتدقيق بشار عدنان ملكاوي ,
_eauthor
_912360
245 0 0 _aأحكام الالتزام : آثار الحق في القانون المدني
250 _aط12
264 3 1 _aعمان : دار الثقافة ، 2022
300 _a288ص
_bيشتمل على ملاحق ص ( 257 -281 ) ويشتمل على مراجع ببلوغرافية ص ( 285 -288 )
336 _atext
_btxt
_2rdacontent
337 _aunmediated
_bn
_2rdamedia
338 _avolume
_bnc
_2rdacarrier
650 4 _aالقانون المدني -- أصول المحاكمات -- الأردن
_912361
942 _2lcc
_cBK
999 _c6365
_d6365